000
00318nam a22001457a 4500
008
230613b ||||| |||| 00| 0 eng d
020
_a
9789813083592
041
_a
eng
080
_a
51
082
_a
51CHA
100
_a
22
101
_a
MATE
245
_a
THE LIMITS OF MATHEMATICS
_c
CHAITIN.J.G
942
_2
udc
_c
BK
999
_c
59958
_d
59958